[Event "GER-chT LG-22 email"]
[Site "GER email"]
[Date "2007.10.25"]
[Round "?"]
[White "Nitsche, Werner"]
[Black "Schreiber, Werner"]
[Result "1-0"]
[WhiteElo "2406"]
[BlackElo "2399"]
[PlyCount "83"]
[EventDate "2007.??.??"]
[EventType "tourn (corr)"]
[EventRounds "8"]
[EventCountry "GER"]
[SourceTitle "Corr 2011"]
[Source "ChessBase"]
[SourceDate "2010.08.31"]
[SourceVersion "1"]
[SourceVersionDate "2010.08.31"]
[SourceQuality "1"]

1. d4 d5 2. c4 dxc4 3. Nf3 Nf6 4. e3 e6 5. Bxc4 c5 6. 0-0 a6 7. Bb3 b5 8. a4 b4 9. Nbd2 Bb7 10. e4 Be7 11. e5 Nfd7 12. Nc4 0-0 13. Bc2 cxd4 14. Bf4 Nc6 15. Nxd4 Nxd4 16. Qxd4 Bd5 17. Ne3 Bc6 18. Qd3 g6 19. Rfd1 Nc5 20. Qe2 Qb8 21. b3 Qb7 22. f3 Rfd8 23. Ng4 Rac8 24. Nf6+ Bxf6 25. exf6 Rxd1+ 26. Rxd1 Nd7 27. Bd3 Ra8 28. Bg5 Bd5 29. Bc4 Bxc4 30. Qxc4 Nb6 31. Qxb4 Qa7 32. Qd4 Nd5 33. Qxa7 Rxa7 34. Rc1 Ra8 35. Rc6 Kf8 36. a5 Ke8 37. Rd6 Ra7 38. Kf2 Ra8 39. g4 Ra7 40. Be3 Ra8 41. g5 Nc7 42. b4 1-0

[Event "GER-chT LG-22 email"]
[Site "GER email"]
[Date "2007.10.25"]
[Round "?"]
[White "Schreiber, Werner"]
[Black "Ewert, Stefan"]
[Result "0-1"]
[WhiteElo "2399"]
[BlackElo "2353"]
[PlyCount "50"]
[EventDate "2007.??.??"]
[EventType "tourn (corr)"]
[EventRounds "8"]
[EventCountry "GER"]
[SourceTitle "Corr 2011"]
[Source "ChessBase"]
[SourceDate "2010.08.31"]
[SourceVersion "1"]
[SourceVersionDate "2010.08.31"]
[SourceQuality "1"]

1. c4 e5 2. g3 Bc5 3. Bg2 Nf6 4. e3 d5 5. cxd5 Nxd5 6. Nf3 Nc6 7. 0-0 0-0 8. Nxe5 Nxe5 9. d4 Bg4 10. Qb3 Be6 11. dxe5 Nxe3 12. Qb5 Nxg2 13. Qxc5 Bh3 14. Nc3 Nh4 15. gxh4 Qxh4 16. Qe3 Bxf1 17. Kxf1 Qxh2 18. Qe4 Qh3+ 19. Qg2 Qf5 20. Qxb7 Qxe5 21. Qf3 Rab8 22. Rb1 Rfd8 23. Be3 Qa5 24. Re1 Rxb2 25. Kg2 Qxc3 0-1

[Event "GER-chT LG-22 email"]
[Site "GER email"]
[Date "2007.10.25"]
[Round "?"]
[White "Schreiber, Werner"]
[Black "Lorenzen, Jan Hendrik"]
[Result "0-1"]
[WhiteElo "2399"]
[BlackElo "2213"]
[PlyCount "76"]
[EventDate "2007.??.??"]
[EventType "tourn (corr)"]
[EventRounds "8"]
[EventCountry "GER"]
[SourceTitle "Corr 2011"]
[Source "ChessBase"]
[SourceDate "2010.08.31"]
[SourceVersion "1"]
[SourceVersionDate "2010.08.31"]
[SourceQuality "1"]

1. c4 c5 2. Nf3 Nf6 3. Nc3 d5 4. cxd5 Nxd5 5. d4 Nxc3 6. bxc3 g6 7. Bf4 Bg7 8. e3 Qa5 9. Qd2 0-0 10. Be2 Nd7 11. Rb1 b6 12. 0-0 Nf6 13. Rb3 cxd4 14. exd4 Ba6 15. Bxa6 Qxa6 16. Rc1 Rac8 17. h4 h5 18. Qb2 Rfd8 19. Ra3 Qb7 20. Qe2 Qe4 21. Qxe4 Nxe4 22. Rxa7 Nxc3 23. Kf1 Nd5 24. Rxc8 Rxc8 25. Be5 Rc1+ 26. Ne1 f6 27. Bg3 Rd1 28. Ra3 Bh6 29. Ke2 Rd2+ 30. Kf1 Rxd4 31. Rd3 Rxd3 32. Nxd3 e5 33. a3 b5 34. f3 Bf8 35. Be1 Bxa3 36. Kf2 Kf7 37. Nxe5+ fxe5 38. Bd2 Bb4 0-1

[Event "GER-chT LG-22 email"]
[Site "GER email"]
[Date "2007.10.25"]
[Round "?"]
[White "Schreiber, Werner"]
[Black "Samraoui, Mehdi"]
[Result "1/2-1/2"]
[WhiteElo "2399"]
[BlackElo "2432"]
[PlyCount "56"]
[EventDate "2007.??.??"]
[EventType "tourn (corr)"]
[EventRounds "8"]
[EventCountry "GER"]
[SourceTitle "Corr 2011"]
[Source "ChessBase"]
[SourceDate "2010.08.31"]
[SourceVersion "1"]
[SourceVersionDate "2010.08.31"]
[SourceQuality "1"]

1. c4 Nf6 2. Nf3 c6 3. Nc3 d5 4. d4 e6 5. e3 Nbd7 6. Qc2 b6 7. Bd3 Bb7 8. b3 Bd6 9. Bb2 Rc8 10. 0-0 0-0 11. e4 dxc4 12. bxc4 e5 13. Ne2 Qe7 14. c5 Bb8 15. dxe5 Nxe5 16. Nxe5 Bxe5 17. Bxe5 Qxe5 18. cxb6 Ng4 19. Ng3 axb6 20. Rab1 b5 21. a4 Rfd8 22. Qe2 h5 23. Rfd1 Ba6 24. h3 Nf6 25. Nf5 g6 26. Nh4 Qe7 27. Nf3 Bb7 28. Re1 bxa4 1/2-1/2

[Event "Hessen-ch Seniors op 03rd"]
[Site "Bad Sooden-Allendorf"]
[Date "2007.05.05"]
[Round "8"]
[White "Schreiber, Werner"]
[Black "Philipp, Guenther"]
[Result "1/2-1/2"]
[WhiteElo "1784"]
[BlackElo "1687"]
[PlyCount "21"]
[EventDate "2007.04.27"]
[EventType "swiss"]
[EventRounds "9"]
[EventCountry "GER"]
[SourceTitle "EXT 2022"]
[Source "ChessBase"]
[SourceDate "2021.10.06"]
[SourceVersion "1"]
[SourceVersionDate "2021.10.06"]
[SourceQuality "1"]

1. e4 c6 2. d4 d5 3. exd5 cxd5 4. c4 e6 5. Nf3 Nf6 6. Nc3 Be7 7. Bg5 Nbd7 8. Rc1 b6 9. cxd5 exd5 10. Bb5 0-0 11. 0-0 1/2-1/2

[Event "Hessen-ch Seniors op 03rd"]
[Site "Bad Sooden-Allendorf"]
[Date "2007.05.02"]
[Round "5"]
[White "Ninic, Milutin"]
[Black "Schreiber, Werner"]
[Result "1/2-1/2"]
[WhiteElo "1653"]
[BlackElo "1784"]
[PlyCount "28"]
[EventDate "2007.04.27"]
[EventType "swiss"]
[EventRounds "9"]
[EventCountry "GER"]
[SourceTitle "EXT 2022"]
[Source "ChessBase"]
[SourceDate "2021.10.06"]
[SourceVersion "1"]
[SourceVersionDate "2021.10.06"]
[SourceQuality "1"]

1. e4 c5 2. Nf3 Nc6 3. d4 cxd4 4. Nxd4 Nf6 5. Nc3 e6 6. Be3 Bb4 7. Bd3 d5 8. Nxc6 bxc6 9. Bd2 Bxc3 10. Bxc3 Nxe4 11. Bxe4 dxe4 12. Qxd8+ Kxd8 13. Bxg7 Rg8 14. Bf6+ Kc7 1/2-1/2

[Event "Hessen-ch Seniors op 03rd"]
[Site "Bad Sooden-Allendorf"]
[Date "2007.04.29"]
[Round "2"]
[White "Schreiber, Werner"]
[Black "Raedeker, Bernd"]
[Result "0-1"]
[WhiteElo "1784"]
[BlackElo "2158"]
[PlyCount "70"]
[EventDate "2007.04.27"]
[EventType "swiss"]
[EventRounds "9"]
[EventCountry "GER"]
[SourceTitle "EXT 2022"]
[Source "ChessBase"]
[SourceDate "2021.10.06"]
[SourceVersion "1"]
[SourceVersionDate "2021.10.06"]
[SourceQuality "1"]

1. e4 e5 2. Nf3 Nc6 3. d4 exd4 4. Nxd4 Bb4+ 5. c3 Be7 6. Be3 Nf6 7. Nd2 d5 8. Nxc6 bxc6 9. exd5 cxd5 10. Bb5+ Bd7 11. Bxd7+ Qxd7 12. Nb3 0-0 13. 0-0 a5 14. Bc5 Bxc5 15. Nxc5 Qb5 16. Nd3 Rfe8 17. Qc2 Ne4 18. Rad1 a4 19. f3 Nd6 20. Nb4 c6 21. Rfe1 Nc4 22. Qf2 h6 23. Rxe8+ Rxe8 24. Re1 Rd8 25. Rd1 Rd6 26. b3 axb3 27. axb3 Na5 28. Qa2 Re6 29. Ra1 Re2 30. Qb1 Qc5+ 31. Kh1 Qxc3 32. Nd3 g6 33. b4 Nb3 34. Ra3 Qxd3 35. Rxb3 Qxb3 0-1